000 00515nam a2200145Ia 4500
008 231221s9999 xx 000 0 und d
020 _a978-1-4419-9299-4
041 _aEnglish
100 _aTom Proulx
245 0 _aModal Analysis Topics, Volume 3
260 _c2011
_bSpringer New York
_aNew York
440 _aConference Proceedings of the Society for Experimental Mechanics Series
650 _aVibration, Dynamical Systems, Control; Aerospace Technology and Astronautics; Structural Mechanics
942 _cEB
999 _c226573
_d226573